| 000 | 00590nam a2200193 a 4500 | ||
|---|---|---|---|
| 005 | 20210223125424.0 | ||
| 008 | 040826s1964 ag r 000 0 spa d | ||
| 035 | _aUPN01000134401 | ||
| 049 | _aCG | ||
| 050 | 4 |
_aPQ8549 U8 _bL3.2 |
|
| 100 | 1 |
_aUslar Pietri, Arturo, _d1906-2001 _936853 |
|
| 245 | 1 | 3 |
_aEl laberinto de fortuna : _bestación de máscaras / _cArturo Uslar-Pietri. |
| 260 |
_aBuenos Aires : _bLosada, _c1964. |
||
| 300 | _a200 p. | ||
| 440 | 0 | _aNovelistas de nuestra época | |
| 650 | 4 |
_aNOVELA VENEZOLANA _914312 |
|
| 650 | 4 |
_aLITERATURA VENEZOLANA _914541 |
|
| 905 | _aLibro | ||
| 999 |
_c106552 _d106552 |
||